El desierto (Record no. 126903)

MARC details
000 -LEADER
campo de control de longitud fija 00482nam a2200169 4500
001 - NÚMERO DE CONTROL
campo de control 126903
003 - IDENTIFICADOR DE NÚMERO DE CONTROL
campo de control ES-MaACL
005 - FECHA Y HORA DE LA ÚLTIMA TRANSACCIÓN
campo de control 20230906192912.0
007 - CAMPO FIJO DE DESCRIPCIÓN FÍSICA--INFORMACIÓN GENERAL
campo de control de longitud fija t|
008 - DATOS DE LONGITUD FIJA--INFORMACIÓN GENERAL
campo de control de longitud fija 070214s1931 sp r ||||1| spa d
100 1# - ENTRADA PRINCIPAL--NOMBRE DE PERSONA
Nombre de persona Ribeiro, Manuel.
9 (RLIN) 96755
245 13 - MENCIÓN DEL TÍTULO
Título El desierto
Resto del título : novela /
Mención de responsabilidad, etc. Manuel Ribeiro ; traducida por José Olarra.
260 ## - PUBLICACIÓN, DISTRIBUCIÓN, ETC.
Lugar de publicación, distribución, etc. Madrid :
Nombre del editor, distribuidor, etc. Espasa-Calpe,
Fecha de publicación, distribución, etc. 1931.
300 ## - DESCRIPCIÓN FÍSICA
Extensión 246 p. ;
Dimensiones 19 x 13 cm.
700 1# - ENTRADA AGREGADA--NOMBRE PERSONAL
Nombre de persona Olarra, José.
9 (RLIN) 86662
852 ## - LOCALIZACIÓN
Ubicación ES-MaACL
Número de control de estantería B-12356
Holdings
Estatus retirado Estado de pérdida Estado de daño No para préstamo Biblioteca de origen Biblioteca actual Ubicación en estantería Fecha de adquisición Fuente de adquisición Total de préstamos Signatura topográfica completa Código de barras Visto por última vez Precio de reemplazo Tipo de ítem Koha
        Biblioteca del Ateneo de Madrid Biblioteca del Ateneo de Madrid Sala Pardo Bazán 17/01/2008     B-12356 1132178 23/02/2023 23/02/2023 Libro impreso